[Event "Berlin op 03"]
[Site "Berlin"]
[Date "2005.04.01"]
[Round "7"]
[White "Kachibadze, Georg"]
[Black "Jung, Hans"]
[Result "0-1"]
[WhiteElo "1852"]
[BlackElo "1982"]
[PlyCount "52"]
[EventDate "2005.03.25"]
[EventType "swiss"]
[EventRounds "9"]
[EventCountry "GER"]
[SourceTitle "EXT 2007"]
[Source "ChessBase"]
[SourceDate "2006.11.23"]
[SourceVersion "1"]
[SourceVersionDate "2006.11.23"]
[SourceQuality "1"]

1. e4 c5 2. Nf3 e6 3. d4 cxd4 4. Nxd4 Nf6 5. Bd3 Nc6 6. Nb3 d5 7. exd5 Nxd5 8. Bd2 Qh4 9. Nc3 Nxc3 10. Bxc3 Bb4 11. Bxb4 Qxb4+ 12. c3 Qf4 13. 0-0 0-0 14. Qc2 f5 15. g3 Qc7 16. Nd4 Nxd4 17. cxd4 Qd6 18. Rad1 Bd7 19. Rfe1 Rac8 20. Qe2 Qd5 21. b3 b5 22. Qe5 Qb7 23. Rc1 a6 24. b4 Qf3 25. Rc7 Rxc7 26. Qxc7 Bc6 0-1

[Event "Berlin Lichtenberger Sommer 2nd"]
[Site "Berlin"]
[Date "2003.08.24"]
[Round "9.31"]
[White "Jung, Hans"]
[Black "Knopf, Roland"]
[Result "1-0"]
[WhiteElo "1969"]
[BlackElo "1821"]
[PlyCount "57"]
[EventDate "2003.08.16"]
[EventType "swiss"]
[EventRounds "9"]
[EventCountry "GER"]
[SourceTitle "EXT 2022"]
[Source "ChessBase"]
[SourceDate "2021.10.06"]
[SourceVersion "1"]
[SourceVersionDate "2021.10.06"]
[SourceQuality "1"]

1. d4 Nf6 2. c4 g6 3. Nc3 Bg7 4. e4 d6 5. Nf3 0-0 6. Be2 e5 7. 0-0 Nc6 8. d5 Ne7 9. Nd2 Ne8 10. b4 f5 11. c5 Nf6 12. f3 f4 13. Nc4 g5 14. a4 h5 15. Ba3 Ng6 16. b5 Ne8 17. a5 Rf7 18. b6 a6 19. bxc7 Rxc7 20. cxd6 Nxd6 21. Bxd6 Rxc4 22. Bxc4 Qxd6 23. Na4 g4 24. Nb6 Rb8 25. Qa4 Nh4 26. Qe8+ Bf8 27. Qxh5 Be7 28. Kh1 g3 29. Nxc8 1-0

[Event "Berlin Kreuzberg op 4th"]
[Site "Berlin"]
[Date "2003.07.11"]
[Round "7"]
[White "Jung, Hans"]
[Black "Jugow, Alexander"]
[Result "0-1"]
[WhiteElo "2130"]
[BlackElo "2280"]
[PlyCount "76"]
[EventDate "2003.07.05"]
[EventType "swiss"]
[EventRounds "9"]
[EventCountry "GER"]
[SourceTitle "EXT 2022"]
[Source "ChessBase"]
[SourceDate "2021.10.06"]
[SourceVersion "1"]
[SourceVersionDate "2021.10.06"]
[SourceQuality "1"]

1. d4 d5 2. c4 c6 3. cxd5 cxd5 4. Nf3 Nc6 5. Nc3 Bg4 6. Bf4 e6 7. Ne5 Nxe5 8. Bxe5 f6 9. Bg3 Qb6 10. Qd2 Rc8 11. a3 Ne7 12. h3 Bh5 13. e3 Nf5 14. Bh2 Nd6 15. Rc1 a6 16. Bxd6 Bxd6 17. Bd3 Kf7 18. 0-0 Bg6 19. Bxg6+ hxg6 20. e4 g5 21. e5 fxe5 22. dxe5 Bxe5 23. Qxg5 Qd4 24. Ne2 Qe4 25. Rxc8 Rxc8 26. Qh5+ g6 27. Qh7+ Bg7 28. Ng3 Qd4 29. Nh5 gxh5 30. Qxh5+ Kg8 31. Qg6 Qf6 32. Qg4 Rc4 33. Qg3 Qxb2 34. Qb8+ Kh7 35. Qe8 Qe5 36. Qf7 Rc2 37. Qe8 d4 38. g4 Rc3 0-1

[Event "Berlin Kreuzberg op 4th"]
[Site "Berlin"]
[Date "2003.07.07"]
[Round "3"]
[White "Jung, Hans"]
[Black "Brustkern, Juergen"]
[Result "1/2-1/2"]
[WhiteElo "2130"]
[BlackElo "2227"]
[PlyCount "90"]
[EventDate "2003.07.05"]
[EventType "swiss"]
[EventRounds "9"]
[EventCountry "GER"]
[SourceTitle "EXT 2022"]
[Source "ChessBase"]
[SourceDate "2021.10.06"]
[SourceVersion "1"]
[SourceVersionDate "2021.10.06"]
[SourceQuality "1"]

1. d4 c5 2. d5 f5 3. c4 g6 4. Nc3 Nf6 5. Qc2 d6 6. Nf3 Bg7 7. g3 0-0 8. Bg2 Na6 9. a3 Nc7 10. 0-0 Rb8 11. Nd2 Qe8 12. b4 b6 13. Bb2 Bd7 14. e4 e5 15. exf5 gxf5 16. f4 e4 17. Nd1 Ba4 18. Nb3 Qd7 19. Ne3 h5 20. h3 Rbe8 21. Kh2 Re7 22. Rab1 Nfe8 23. Bc3 Bxc3 24. Qxc3 Rg7 25. Rg1 Bxb3 26. Rxb3 Nf6 27. Bf1 Kf7 28. Ng2 Rfg8 29. Nh4 Nce8 30. Be2 Rh8 31. Rg2 Ng8 32. Qb2 Ne7 33. Re3 Nf6 34. Bd1 Qc7 35. b5 Qd7 36. a4 Rgh7 37. Qc3 Ng6 38. Nxg6 Kxg6 39. h4 Qe7 40. a5 Kh6 41. Ra2 Rg8 42. Kh3 Rg6 43. axb6 axb6 44. Ra6 Qd8 45. Qa1 Qc7 1/2-1/2

[Event "Kreuzberg 2000"]
[Site "Berlin"]
[Date "2000.07.23"]
[Round "2"]
[White "Jung, Hans"]
[Black "Reich, Hartmut"]
[Result "1/2-1/2"]
[WhiteElo "1937"]
[BlackElo "1712"]
[PlyCount "90"]
[EventDate "2000.07.??"]
[EventType "swiss"]
[EventRounds "9"]
[EventCountry "GER"]
[SourceTitle "EXT 2001"]
[Source "ChessBase"]
[SourceDate "2000.11.22"]
[SourceVersion "1"]
[SourceVersionDate "2000.11.22"]
[SourceQuality "1"]

1. d4 d5 2. c4 e6 3. Nc3 c6 4. e3 f5 5. g3 Nf6 6. Nf3 Bd6 7. b3 0-0 8. Bg2 Qe7 9. 0-0 Nbd7 10. Bb2 Ne4 11. Qc2 g5 12. Nxe4 fxe4 13. Ne5 Bxe5 14. dxe5 g4 15. h4 Rf5 16. Rfd1 Nxe5 17. Bxe5 Rxe5 18. Rac1 Bd7 19. Qc3 Rf5 20. Rc2 Rc8 21. c5 Be8 22. b4 b6 23. a4 bxc5 24. bxc5 Rb8 25. Rdd2 Rb1+ 26. Bf1 Qc7 27. Rc1 Rxc1 28. Qxc1 Qa5 29. Qd1 Qxc5 30. Qxg4+ Kh8 31. Qd1 Qb4 32. g4 Rf8 33. Qa1+ Kg8 34. Rc2 Qe7 35. g5 h6 36. Bh3 hxg5 37. Qe5 Bd7 38. hxg5 Qe8 39. Bg4 Qe7 40. f3 exf3 41. Rh2 f2+ 42. Kf1 Qg7 43. Bxe6+ Bxe6 44. Qxe6+ Qf7 45. Qe5 Qg7 1/2-1/2